02940cam a22003015a 45000010009000000050017000090080041000260200029000670200026000960400033001220820021001551000031001762450079002072600149002863000035004355000027004705000024004975040041005215201695005626500056022576500043023136530037023567100034023937100027024279420008024549990017024629520159024791803915020151207142241.0140211t2014 wvua frbd 001 0 eng d a9780071804219 (hardback) a0071804218 (hardback) aDLCbengcDLCdDLCdEG-ScBUE04a628.167222bVOU1 aVoutchkov, Nikolay.93885810aDesalination engineering.pOperation and maintenance /cNikolay Voutchkov. aAlexandria, Virginia :bWefpress for the water quality professional, Water Environment Federation ;aNew York :bMcGraw-Hill Education,cc.2014. axxiv, 307 p. :bill. ;c25 cm. aGlossary : p. 287-292. aIndex : p. 293-307. aIncludes bibliographical references. a"A comprehensive, one-volume engineering reference from the Water Environment Federation and WateReuse Association on desalination plant operation and maintenance..Desalination Engineering: Operation and Maintenance provides a comprehensive one-volume reference on desalination for municipal water supply professionals. This authoritative guide covers key aspects of desalination plant operation, maintenance, and troubleshooting. The focus is on reverse osmosis membrane desalination, which at present is the most widely used technology for production of fresh drinking water from highly saline water sources. This Water Environment Federation and WateReuse Association guide covers state-of-the art operation, maintenance, and monitoring practices associated with each of the key desalination plant facilities--intakes, pretreatment technologies, reverse osmosis equipment, energy recovery, membrane systems, post-treatment processes, and solids handling.... Covers theoretical principles of desalination and their practical application.. Presents a step-by-step approach for operation, maintenance, and troubleshooting of desalination plant treatment components.. Discusses pre-treatment and reverse osmosis.. Each chapter contains case-study examples illustrating various technologies and their practical implementation.. Provides federal and state regulatory agencies with background on the monitoring requirements to determine and prevent potential environmental impacts associated with the discharges from desalination plants and to reduce the impact of their operations on the environment.. Uses International System of Units (SI) with US units in parenthesis where appropriate.."-- 7aSolar saline water conversion plants.2BUEsh924416 7aSaline water conversion.2BUEsh913061 bENGGENcAugust2015cDecember20152 aWater Environment Federation.2 aWateReuse Association. 2ddc c20647d20619 00102ddc40708BaccahaMAINbMAINc1STd2015-08-19ePurchaseg1000.00h21761l4m7o628.167 VOUp000039718r2025-07-15 00:00:00s2023-10-08v1250.00yBB